Statistics for U.S. presidents that share names with cities

Click here to take the quiz!

General Stats

  • This quiz has been taken 60 times
    (54 since last reset)
  • The average score is 16 of 20

Answer Stats

Number of CitiesPresidents with most cities% Correct
24George Washington
100%
17
Abraham Lincoln
96%
18Thomas Jefferson
90%
25James Madison
85%
0Donald Trump
85%
1George Bush
83%
20James Monroe
81%
19Andrew Jackson
81%
0Barack Obama
81%
27Bill Clinton
79%
17Grover Cleveland
79%
1Herbert Hoover
77%
0Ronald Reagan
75%
1Gerald Ford
71%
1Harry Truman
69%
14William Henry Harrison
69%
11Zachary Taylor
67%
0Dwight Eisenhower
63%
0Joe Biden
60%
1William McKinley
58%

Score Distribution

Percentile by Number Answered

Percent of People with Each Score

Your Score History

You have not taken this quiz since the last reset